<?xml version="1.0" encoding="UTF-8"?>
<record
    xmlns:xsi="http://www.w3.org/2001/XMLSchema-instance"
    xsi:schemaLocation="http://www.loc.gov/MARC21/slim http://www.loc.gov/standards/marcxml/schema/MARC21slim.xsd"
    xmlns="http://www.loc.gov/MARC21/slim">

  <leader>00835nam a22002417a 4500</leader>
  <controlfield tag="001">3610</controlfield>
  <controlfield tag="003">FISKH</controlfield>
  <controlfield tag="005">20240326082958.0</controlfield>
  <controlfield tag="008">240326b        cb ||||| |||| 00| 0 eng d</controlfield>
  <datafield tag="040" ind1=" " ind2=" ">
    <subfield code="a">FISK </subfield>
    <subfield code="b">eng </subfield>
    <subfield code="c">FISK</subfield>
    <subfield code="d">FISK</subfield>
  </datafield>
  <datafield tag="050" ind1=" " ind2=" ">
    <subfield code="a">PZ7.L97914 </subfield>
  </datafield>
  <datafield tag="082" ind1=" " ind2=" ">
    <subfield code="a">813.6 </subfield>
  </datafield>
  <datafield tag="100" ind1=" " ind2=" ">
    <subfield code="a">Lupica Mike </subfield>
    <subfield code="d">1952- </subfield>
  </datafield>
  <datafield tag="245" ind1=" " ind2=" ">
    <subfield code="a">Hot hand / </subfield>
    <subfield code="c">Mike Lupica </subfield>
  </datafield>
  <datafield tag="260" ind1=" " ind2=" ">
    <subfield code="a">New York : </subfield>
    <subfield code="b">Scholastic, </subfield>
    <subfield code="c">2008 </subfield>
  </datafield>
  <datafield tag="300" ind1=" " ind2=" ">
    <subfield code="a">165 pages : </subfield>
    <subfield code="c">20 cm </subfield>
  </datafield>
  <datafield tag="505" ind1=" " ind2=" ">
    <subfield code="a">Q</subfield>
  </datafield>
  <datafield tag="520" ind1=" " ind2=" ">
    <subfield code="a">In the wake of his parents' separation, ten-year-old Billy seems to have continual conflicts with his father, who is also his basketball coach, but his quiet, younger brother Ben, a piano prodigy, is having even more trouble adjusting, and only Billy seems to notice. </subfield>
  </datafield>
  <datafield tag="521" ind1="8" ind2=" ">
    <subfield code="a">930 </subfield>
    <subfield code="b">Lexile </subfield>
  </datafield>
  <datafield tag="700" ind1=" " ind2=" ">
    <subfield code="a">Mike Lupica </subfield>
  </datafield>
  <datafield tag="942" ind1=" " ind2=" ">
    <subfield code="2">ddc</subfield>
    <subfield code="c">BK</subfield>
    <subfield code="n">0</subfield>
  </datafield>
  <datafield tag="999" ind1=" " ind2=" ">
    <subfield code="c">3610</subfield>
    <subfield code="d">3610</subfield>
  </datafield>
  <datafield tag="952" ind1=" " ind2=" ">
    <subfield code="0">0</subfield>
    <subfield code="1">0</subfield>
    <subfield code="2">ddc</subfield>
    <subfield code="4">0</subfield>
    <subfield code="7">0</subfield>
    <subfield code="8">FIC</subfield>
    <subfield code="a">001</subfield>
    <subfield code="b">001</subfield>
    <subfield code="c">TTP</subfield>
    <subfield code="d">2024-03-26</subfield>
    <subfield code="l">0</subfield>
    <subfield code="o">LUP PZ7.L97914 813.6 </subfield>
    <subfield code="p">2024-0403</subfield>
    <subfield code="r">2024-03-26 08:31:12</subfield>
    <subfield code="t">1</subfield>
    <subfield code="w">2024-03-26</subfield>
    <subfield code="y">BK</subfield>
  </datafield>
</record>
